000 00741nam a2200205Ia 4500
003 GCL
008 140319s9999 xx 000 0 ara d
040 _aGCL /
_cGCL
082 0 4 _aع
_b539.2
_bم ا
100 1 _aمحمد عبدالفتاح عباد
245 1 0 _aالاشعاع الذرى : المخاطر- النواهى الطبية والتطبيقية طرق الحماية والعلاج /
_cمحمد عبدالفتاح عباد
260 _a[S.N] :
_bمدينة الملك عبد العزيز للعلوم والتقنية ،
_c1992
300 _a121 ص
490 _a
650 0 4 _aالاشعاع
650 0 4 _aمواصفات الامان
650 0 4 _aالاشعاع الذرى
650 0 4 _aتسريب
942 _2ddc
_cBK
999 _c30363
_d30363